[Event "Toronto Closed Premier"]
[Site "Toronto CAN"]
[Date "2004.02.01"]
[Round "3"]
[White "Raheb, David"]
[Black "Aronov, Yuri"]
[Result "1/2-1/2"]
[WhiteElo "2216"]
[BlackElo "2231"]
[PlyCount "91"]
[GameId "2160767911200559"]
[EventDate "2004.01.18"]
[EventType "tourn"]
[EventRounds "11"]
[EventCountry "CAN"]
[SourceTitle "EXT 2005"]
[Source "ChessBase"]
[SourceDate "2004.11.15"]
[SourceVersion "1"]
[SourceVersionDate "2004.11.15"]
[SourceQuality "1"]

1. e4 c5 2. Nf3 e6 3. d4 cxd4 4. Nxd4 a6 5. Bd3 Qc7 6. O-O Nc6 7. Nb3 Nf6 8. c4 Ne5 9. Qe2 b6 10. Bf4 Bd6 11. Bg3 Nxd3 12. Qxd3 Bxg3 13. hxg3 Bb7 14. N1d2 O-O 15. Rfe1 Rac8 16. Rac1 Qe5 17. Qd4 Qxd4 18. Nxd4 d6 19. f3 Rfd8 20. Nf1 Kf8 21. Ne3 Rc7 22. Rc2 h5 23. b4 Rdc8 24. Rec1 Nd7 25. Kf2 Ne5 26. Ke2 Ke7 27. a4 Rd8 28. Nb3 Bc6 29. Nd5+ Bxd5 30. cxd5 Rxc2+ 31. Rxc2 Kd7 32. f4 Ng4 33. Rc6 exd5 34. Rxb6 dxe4 35. Nd4 Rc8 36. Rxa6 Rc4 37. Ra7+ Kc8 38. Nf5 Rxb4 39. Nxd6+ Kb8 40. Re7 Rb2+ 41. Ke1 e3 42. Nc4 Rxg2 43. Nxe3 Rxg3 44. Nxg4 Rxg4 45. Rxf7 g5 46. fxg5 1/2-1/2

[Event "Toronto Closed Premier"]
[Site "Toronto CAN"]
[Date "2004.02.02"]
[Round "3"]
[White "Filipovich, David"]
[Black "Barron, Michael"]
[Result "1/2-1/2"]
[WhiteElo "2286"]
[BlackElo "2248"]
[PlyCount "92"]
[GameId "2160767911200560"]
[EventDate "2004.01.18"]
[EventType "tourn"]
[EventRounds "11"]
[EventCountry "CAN"]

1. Nf3 f5 2. g3 Nf6 3. Bg2 g6 4. O-O Bg7 5. d4 O-O 6. c4 d6 7. Nc3 Qe8 8. Re1 Qf7 9. d5 e5 10. dxe6 Qxe6 11. Nd5 Na6 12. Be3 c6 13. Nxf6+ Bxf6 14. Qc2 Qe4 15. Qxe4 fxe4 16. Nd4 Re8 17. Rab1 Nc5 18. b3 a5 19. Red1 Bd7 20. Nc2 Bg4 21. Rxd6 Ne6 22. Kf1 Bf5 23. Nd4 Nxd4 24. Rxf6 Rad8 25. Bxd4 Rxd4 26. c5 Red8 27. Ke1 Kg7 28. Rd6 R8xd6 29. cxd6 Rxd6 30. Rd1 Rxd1+ 31. Kxd1 Kf6 32. Kd2 Ke5 33. h4 h6 34. Kc3 b5 35. a3 c5 36. f4+ exf3 37. exf3 g5 38. hxg5 hxg5 39. b4 cxb4+ 40. axb4 axb4+ 41. Kxb4 Kd4 42. f4 g4 43. Bf1 Ke3 44. Bxb5 Kf3 45. Be8 Kxg3 46. Bh5 Kxf4 1/2-1/2

[Event "Toronto Closed Premier"]
[Site "Toronto CAN"]
[Date "2004.02.07"]
[Round "3"]
[White "Krnan, Tomas"]
[Black "Vaingorten, Yaaqov"]
[Result "1/2-1/2"]
[WhiteElo "2312"]
[BlackElo "2263"]
[PlyCount "96"]
[GameId "2160767911200561"]
[EventDate "2004.01.18"]
[EventType "tourn"]
[EventRounds "11"]
[EventCountry "CAN"]
[SourceTitle "EXT 2005"]
[Source "ChessBase"]
[SourceDate "2004.11.15"]
[SourceVersion "1"]
[SourceVersionDate "2004.11.15"]
[SourceQuality "1"]

1. e4 c5 2. Nf3 e6 3. d4 cxd4 4. Nxd4 a6 5. Bd3 Bc5 6. Nb3 Be7 7. c4 d6 8. O-O Nf6 9. Nc3 Nbd7 10. Be3 b6 11. f4 Bb7 12. Qf3 g6 13. Rad1 Qc7 14. Qh3 O-O 15. a4 Rfe8 16. Rde1 Bf8 17. Bd4 Rad8 18. e5 Nh5 19. g4 Ng7 20. Be4 d5 21. cxd5 exd5 22. Bb1 Ne6 23. Ne2 Ndc5 24. Rc1 Qd7 25. Nxc5 bxc5 26. Bf2 Qxa4 27. Bh4 Rc8 28. f5 Nd4 29. Nc3 Qb3 30. Bg3 Re7 31. e6 gxf5 32. gxf5 f6 33. Qh4 Qxb2 34. Qxf6 Rg7 35. Qe5 Qxc1 36. Qxg7+ Bxg7 37. Rxc1 Bh6 38. Rd1 Be3+ 39. Kf1 a5 40. f6 Ba6+ 41. Bd3 Bxd3+ 42. Rxd3 Bg5 43. Nxd5 Rf8 44. Be5 Nxe6 45. Ne7+ Kf7 46. Rd7 Bxf6 47. Bxf6 Ke8 48. Ra7 Rxf6+ 1/2-1/2

[Event "Toronto Closed Premier"]
[Site "Toronto CAN"]
[Date "2004.02.07"]
[Round "3"]
[White "Thavandiran, Shiyam"]
[Black "Noritsyn, Nikolay"]
[Result "0-1"]
[WhiteElo "2123"]
[BlackElo "2153"]
[PlyCount "90"]
[GameId "2160767911200562"]
[EventDate "2004.01.18"]
[EventType "tourn"]
[EventRounds "11"]
[EventCountry "CAN"]
[SourceTitle "EXT 2005"]
[Source "ChessBase"]
[SourceDate "2004.11.15"]
[SourceVersion "1"]
[SourceVersionDate "2004.11.15"]
[SourceQuality "1"]

1. e4 c5 2. Ne2 Nc6 3. d4 cxd4 4. Nxd4 g6 5. Nc3 Bg7 6. Nde2 Nf6 7. g3 O-O 8. Bg2 d6 9. O-O e6 10. h3 a6 11. Be3 Qc7 12. Na4 Nd7 13. c4 b6 14. Rc1 Bb7 15. Qd2 Nc5 16. Nac3 Ne5 17. b3 Rad8 18. f4 Nc6 19. Rb1 Qb8 20. Rfd1 Qa8 21. Qe1 Ne7 22. Bxc5 bxc5 23. Qf2 Kh8 24. Rd3 Nc6 25. Rbd1 Nd4 26. Kh2 Kg8 27. g4 Qb8 28. Nxd4 Bxd4 29. Qg3 Qa8 30. Ne2 e5 31. Nxd4 exd4 32. Re1 Rde8 33. f5 Bxe4 34. f6 Bxg2 35. Qh4 Kh8 36. Re7 Rxe7 37. fxe7 Re8 38. Qf6+ Kg8 39. Rg3 Bc6 40. g5 Qb7 41. Qxd6 Be4 42. Qxc5 Qxe7 43. Qxd4 Bb1 44. Qf2 Qe4 45. Rg4 Qe2 0-1

[Event "Toronto Closed Premier"]
[Site "Toronto CAN"]
[Date "2004.02.05"]
[Round "4"]
[White "Barron, Michael"]
[Black "Rek, Slava"]
[Result "1-0"]
[WhiteElo "2248"]
[BlackElo "2312"]
[PlyCount "61"]
[GameId "2160767911200563"]
[EventDate "2004.01.18"]
[EventType "tourn"]
[EventRounds "11"]
[EventCountry "CAN"]

1. e4 g6 2. d4 Bg7 3. f4 d5 4. exd5 Qxd5 5. Nf3 Bg4 6. Nc3 Qe6+ 7. Kf2 Bxf3 8. gxf3 Nh6 9. Ne4 O-O 10. c3 Nd7 11. h4 Nf6 12. Ng3 Rad8 13. Qb3 Qd6 14. h5 c5 15. f5 g5 16. dxc5 Qxc5+ 17. Kg2 g4 18. Be2 Nd5 19. fxg4 Ne3+ 20. Kh3 Qe5 21. Qxb7 Nhxg4 22. Bxg4 Rd3 23. Qe4 Qxe4 24. Nxe4 Nc2+ 25. Kh4 Nxa1 26. f6 exf6 27. h6 Bh8 28. Rg1 Rfd8 29. b3 f5 30. Bxf5+ Kf8 31. Ba3+ 1-0

[Event "Toronto Closed Premier"]
[Site "Toronto CAN"]
[Date "2004.02.05"]
[Round "4"]
[White "Filipovich, David"]
[Black "Thavandiran, Shiyam"]
[Result "1/2-1/2"]
[WhiteElo "2209"]
[BlackElo "2123"]
[PlyCount "47"]
[GameId "2160767911200564"]
[EventDate "2004.01.18"]
[EventType "tourn"]
[EventRounds "11"]
[EventCountry "CAN"]
[SourceTitle "EXT 2005"]
[Source "ChessBase"]
[SourceDate "2004.11.15"]
[SourceVersion "1"]
[SourceVersionDate "2004.11.15"]
[SourceQuality "1"]

1. Nf3 d5 2. g3 c5 3. Bg2 Nc6 4. d4 cxd4 5. Nxd4 e5 6. Nxc6 bxc6 7. O-O Be6 8. c4 Nf6 9. Nc3 Be7 10. cxd5 cxd5 11. Qa4+ Bd7 12. Qa6 Be6 13. Qc6+ Bd7 14. Qb7 Rb8 15. Qxa7 d4 16. Ne4 Nxe4 17. Bxe4 O-O 18. Bd2 Rxb2 19. Ba5 Qe8 20. Rfb1 Rb5 21. Bd3 Rxb1+ 22. Rxb1 Bc6 23. Rc1 Ba3 24. Rb1 1/2-1/2

[Event "Toronto Closed Premier"]
[Site "Toronto CAN"]
[Date "2004.02.07"]
[Round "4"]
[White "Gurevich, Artjom"]
[Black "Stevens, Christian"]
[Result "1/2-1/2"]
[WhiteElo "2232"]
[BlackElo "2264"]
[PlyCount "48"]
[GameId "2160767911200565"]
[EventDate "2004.01.18"]
[EventType "tourn"]
[EventRounds "11"]
[EventCountry "CAN"]
[SourceTitle "EXT 2005"]
[Source "ChessBase"]
[SourceDate "2004.11.15"]
[SourceVersion "1"]
[SourceVersionDate "2004.11.15"]
[SourceQuality "1"]

1. d4 Nf6 2. c4 Nc6 3. Nf3 e6 4. Nc3 Bb4 5. Qc2 d6 6. a3 Bxc3+ 7. Qxc3 a5 8. b3 Qe7 9. Bb2 O-O 10. e3 Re8 11. Bd3 e5 12. dxe5 dxe5 13. Nd2 Ng4 14. h3 Qh4 15. g3 Qh6 16. Be4 Nf6 17. Bg2 Qg6 18. O-O-O Bf5 19. g4 Bd3 20. f4 Red8 21. fxe5 Nd7 22. e6 fxe6 23. c5 Nf6 24. Nc4 Ne4 1/2-1/2

[Event "Toronto Closed Premier"]
[Site "Toronto CAN"]
[Date "2004.02.08"]
[Round "4"]
[White "Aronov, Yuri"]
[Black "Kret, Ted"]
[Result "0-1"]
[WhiteElo "2231"]
[BlackElo "2122"]
[PlyCount "86"]
[GameId "2160767911200566"]
[EventDate "2004.01.18"]
[EventType "tourn"]
[EventRounds "11"]
[EventCountry "CAN"]
[SourceTitle "EXT 2005"]
[Source "ChessBase"]
[SourceDate "2004.11.15"]
[SourceVersion "1"]
[SourceVersionDate "2004.11.15"]
[SourceQuality "1"]

1. d4 Nf6 2. c4 g6 3. Nc3 Bg7 4. e4 O-O 5. Nf3 d6 6. Be2 e5 7. O-O Nc6 8. d5 Ne7 9. Ne1 Nd7 10. Nd3 f5 11. Bd2 Nf6 12. f3 f4 13. g4 g5 14. Be1 h5 15. h3 Ng6 16. Kg2 Rf7 17. c5 Bf8 18. b4 Rh7 19. Rh1 Be7 20. Qb3 Qf8 21. Bf2 Rf7 22. Qd1 Bd7 23. c6 bxc6 24. dxc6 Bxc6 25. b5 Bd7 26. Qb3 Kg7 27. Nb4 hxg4 28. hxg4 Nxg4 29. Bc4 Nxf2 30. Kxf2 d5 31. Ncxd5 g4 32. Nxe7 Rxe7 33. fxg4 Ree8 34. Kf3 Qe7 35. g5 Rh8 36. Nd5 Qxg5 37. Kf2 f3 38. Ne3 Qf4 39. Be6 Rh2+ 40. Rxh2 Qxh2+ 41. Kxf3 Nh4+ 42. Kg4 Qf4+ 43. Kh3 Bxe6+ 0-1

[Event "Toronto Closed Premier"]
[Site "Toronto CAN"]
[Date "2004.02.14"]
[Round "4"]
[White "Noritsyn, Nikolay"]
[Black "Krnan, Tomas"]
[Result "1/2-1/2"]
[WhiteElo "2153"]
[BlackElo "2312"]
[PlyCount "100"]
[GameId "2160767911200567"]
[EventDate "2004.01.18"]
[EventType "tourn"]
[EventRounds "11"]
[EventCountry "CAN"]
[SourceTitle "EXT 2005"]
[Source "ChessBase"]
[SourceDate "2004.11.15"]
[SourceVersion "1"]
[SourceVersionDate "2004.11.15"]
[SourceQuality "1"]

1. e4 e5 2. Nf3 Nc6 3. Bb5 a6 4. Ba4 Nf6 5. O-O Be7 6. Re1 b5 7. Bb3 d6 8. c3 O-O 9. h3 Na5 10. Bc2 c5 11. d4 Qc7 12. Nbd2 cxd4 13. cxd4 Bd7 14. Nf1 Rac8 15. Ne3 Nc6 16. d5 Nb4 17. Bb1 a5 18. a3 Na6 19. b4 axb4 20. axb4 Qb7 21. Bd2 g6 22. Nh2 Nc7 23. Nhg4 h5 24. Nxf6+ Bxf6 25. Bd3 Ra8 26. Qe2 Rxa1 27. Rxa1 Ra8 28. Qd1 Bg5 29. Rxa8+ Qxa8 30. Qc1 Qb7 31. Kf1 Na8 32. Ke2 Nb6 33. Qc2 Kf8 34. Qc1 Ke8 35. Qc2 Kd8 36. Qc1 Qa6 37. Qc2 Bxe3 38. Bxe3 Nc4 39. Bc1 Bc8 40. Qc3 Qa4 41. Ke1 Qa2 42. Qc2 Qxc2 43. Bxc2 f5 44. f3 f4 45. h4 Ke7 46. Bd3 Bd7 47. Bxc4 bxc4 48. Kd2 Ba4 49. Kc3 Bb5 50. Bd2 Kf6 1/2-1/2

[Event "Toronto Closed Premier"]
[Site "Toronto CAN"]
[Date "2004.04.02"]
[Round "4"]
[White "Vaingorten, Yaaqov"]
[Black "Raheb, David"]
[Result "1-0"]
[WhiteElo "2263"]
[BlackElo "2216"]
[PlyCount "108"]
[GameId "2160767911200568"]
[EventDate "2004.01.18"]
[EventType "tourn"]
[EventRounds "11"]
[EventCountry "CAN"]
[SourceTitle "EXT 2005"]
[Source "ChessBase"]
[SourceDate "2004.11.15"]
[SourceVersion "1"]
[SourceVersionDate "2004.11.15"]
[SourceQuality "1"]

1. d4 Nf6 2. c4 g6 3. Nc3 Bg7 4. e4 d6 5. Nf3 O-O 6. Be2 Na6 7. O-O e5 8. Re1 c6 9. Bf1 Bg4 10. d5 Ne8 11. Rb1 c5 12. a3 f5 13. Be2 f4 14. b4 h5 15. Nd2 Qc8 16. Na4 b6 17. bxc5 Nxc5 18. Nxc5 dxc5 19. Bb2 g5 20. Bxg4 hxg4 21. f3 g3 22. hxg3 Nd6 23. gxf4 gxf4 24. Kf2 Qd8 25. Rh1 Qg5 26. Bc3 Rf6 27. Rh3 Rg6 28. Qh1 Kf7 29. Rg1 Rh6 30. Rxh6 Bxh6 31. Qh3 Qg3+ 32. Ke2 Qxh3 33. gxh3 Re8 34. a4 Bg7 35. Kd3 Bf6 36. a5 Rh8 37. axb6 axb6 38. Ra1 Rxh3 39. Ra6 Nc8 40. Ra8 Rh8 41. Rb8 Ke7 42. Rb7+ Ke8 43. Kc2 Rg8 44. Rc7 Kd8 45. Rc6 Bh8 46. Re6 Re8 47. Rh6 Bg7 48. Rg6 Bh8 49. Nf1 Kc7 50. Nh2 Nd6 51. Kd3 b5 52. cxb5 Ra8 53. b6+ Kd7 54. Ng4 Ra2 1-0

[Event "Toronto Closed Premier"]
[Site "Toronto CAN"]
[Date "2004.01.15"]
[Round "5"]
[White "Krnan, Tomas"]
[Black "Filipovich, David"]
[Result "1-0"]
[WhiteElo "2312"]
[BlackElo "2209"]
[PlyCount "69"]
[GameId "2160767911200569"]
[EventDate "2004.01.18"]
[EventType "tourn"]
[EventRounds "11"]
[EventCountry "CAN"]
[SourceTitle "EXT 2005"]
[Source "ChessBase"]
[SourceDate "2004.11.15"]
[SourceVersion "1"]
[SourceVersionDate "2004.11.15"]
[SourceQuality "1"]

1. e4 c6 2. d4 d5 3. Nd2 dxe4 4. Nxe4 Nf6 5. Nxf6+ gxf6 6. c3 Bf5 7. Ne2 Nd7 8. Ng3 Bg6 9. h4 h5 10. Be2 Qa5 11. b4 Qc7 12. Nxh5 e5 13. Ng3 Bd6 14. h5 Bh7 15. Qb3 O-O-O 16. a4 exd4 17. cxd4 Qb6 18. Ba3 Qxd4 19. Rd1 Qf4 20. O-O Rhg8 21. b5 c5 22. Bc1 Qe5 23. Rfe1 Rde8 24. Kf1 Rxg3 25. fxg3 Qxg3 26. Bf3 Re4 27. Rxe4 Bxe4 28. Qe3 Bc2 29. Bxb7+ Kc7 30. Qxg3 Bxg3 31. Rd2 Bxa4 32. Bc6 Ne5 33. h6 Ng6 34. Rd7+ Kb6 35. Rb7+ 1-0

[Event "Toronto Closed Premier"]
[Site "Toronto CAN"]
[Date "2004.02.15"]
[Round "5"]
[White "Stevens, Christian"]
[Black "Aronov, Yuri"]
[Result "1/2-1/2"]
[WhiteElo "2264"]
[BlackElo "2231"]
[PlyCount "86"]
[GameId "2160767911200572"]
[EventDate "2004.01.18"]
[EventType "tourn"]
[EventRounds "11"]
[EventCountry "CAN"]
[SourceTitle "EXT 2005"]
[Source "ChessBase"]
[SourceDate "2004.11.15"]
[SourceVersion "1"]
[SourceVersionDate "2004.11.15"]
[SourceQuality "1"]

1. Nf3 Nf6 2. c4 g6 3. Nc3 Bg7 4. e4 d6 5. d4 O-O 6. Be2 e5 7. O-O Nc6 8. d5 Ne7 9. Ne1 Nd7 10. Be3 f5 11. f3 f4 12. Bf2 g5 13. Rc1 Ng6 14. c5 Nxc5 15. b4 Na6 16. Nb5 Rf7 17. Nxa7 Nxb4 18. Nxc8 Qxc8 19. Qb3 Na6 20. Rb1 b6 21. Bb5 h5 22. a4 g4 23. Kh1 g3 24. Bg1 gxh2 25. Bf2 Bf6 26. Bc6 Rb8 27. a5 Bh4 28. axb6 cxb6 29. Nd3 Rg7 30. Bxh4 Nxh4 31. Rb2 Kh8 32. Ra1 Nxg2 33. Rxg2 Rxg2 34. Kxg2 Qg8+ 35. Kh1 Qg3 36. Qd1 Rg8 37. Qf1 Nc5 38. Nxc5 bxc5 39. Bd7 Kh7 40. Be6 Rg7 41. Bh3 c4 42. Qg2 c3 43. Rf1 c2 1/2-1/2

[Event "Toronto Closed Premier"]
[Site "Toronto CAN"]
[Date "2004.02.20"]
[Round "5"]
[White "Thavandiran, Shiyam"]
[Black "Barron, Michael"]
[Result "1/2-1/2"]
[WhiteElo "2180"]
[BlackElo "2248"]
[PlyCount "102"]
[GameId "2160767911200574"]
[EventDate "2004.01.18"]
[EventType "tourn"]
[EventRounds "11"]
[EventCountry "CAN"]

1. e4 e5 2. Nf3 Nc6 3. Bc4 Bc5 4. c3 Nf6 5. d3 O-O 6. b4 Be7 7. O-O d5 8. exd5 Nxd5 9. b5 Na5 10. Bxd5 Qxd5 11. c4 Qd8 12. Bd2 c6 13. Qe1 b6 14. Bxa5 bxa5 15. Qe4 f6 16. bxc6 Be6 17. Nc3 Qc8 18. Nd5 Bc5 19. Rfe1 Bf5 20. Qe2 Qxc6 21. d4 exd4 22. Nxd4 Qd7 23. Nb3 Bb4 24. Red1 Rae8 25. Qb2 Qf7 26. Nxb4 axb4 27. Nd4 Be6 28. Nxe6 Rxe6 29. Qxb4 Re4 30. Rac1 Rc8 31. Qa5 Re5 32. Rd8+ Rxd8 33. Qxd8+ Qe8 34. Qxe8+ Rxe8 35. f3 Re2 36. c5 Kf7 37. Kf1 Re7 38. Kf2 Ke8 39. Rd1 Re6 40. Rd3 Rc6 41. Rd5 Ra6 42. Rd2 Re6 43. Rd3 Rc6 44. Ra3 Rc7 45. Ke3 Kd7 46. Kd4 Kc6 47. Rb3 Re7 48. Ra3 Kb5 49. Rb3+ Kc6 50. Ra3 Kb5 51. Rb3+ Kc6 1/2-1/2

[Event "Toronto Closed Premier"]
[Site "Toronto CAN"]
[Date "2004.01.18"]
[Round "6"]
[White "Filipovich, David"]
[Black "Raheb, David"]
[Result "1/2-1/2"]
[WhiteElo "2209"]
[BlackElo "2216"]
[PlyCount "109"]
[GameId "2160767911200576"]
[EventDate "2004.01.18"]
[EventType "tourn"]
[EventRounds "11"]
[EventCountry "CAN"]
[SourceTitle "EXT 2005"]
[Source "ChessBase"]
[SourceDate "2004.11.15"]
[SourceVersion "1"]
[SourceVersionDate "2004.11.15"]
[SourceQuality "1"]

1. Nf3 Nf6 2. g3 g6 3. Bg2 Bg7 4. O-O O-O 5. d4 d6 6. b3 c5 7. Bb2 cxd4 8. Nxd4 d5 9. c4 dxc4 10. Na3 cxb3 11. Qxb3 e5 12. Bxb7 Bxb7 13. Qxb7 exd4 14. Qxa8 Qb6 15. Nc4 Qa6 16. Ba3 Rc8 17. Nd6 Rd8 18. Rab1 Nc6 19. Qb7 Qxa3 20. Qxf7+ Kh8 21. Rb7 Nh5 22. Rd7 Rf8 23. Qd5 Nf6 24. Qxc6 Nxd7 25. Qxd7 Qxa2 26. Qe7 d3 27. exd3 a5 28. Ne8 Rf7 29. Qd8 Rf8 30. Qe7 Rf7 31. Qe3 Qd5 32. Nxg7 Kxg7 33. Qe4 Rd7 34. Re1 a4 35. Qxa4 Qxd3 36. Qa1+ Qd4 37. Re7+ Kg8 38. Qa2+ Qd5 39. Qxd5+ Rxd5 40. h4 Rb5 41. Kg2 Rb2 42. Kf3 Rb3+ 43. Kg4 Rb4+ 44. f4 Rb5 45. Re5 Rb7 46. Kg5 Kg7 47. h5 h6+ 48. Kg4 gxh5+ 49. Kxh5 Rb3 50. Kh4 Rb4 51. Ra5 Rc4 52. Kg4 Rc6 53. f5 Kf6 54. Rd5 Ra6 55. Kh4 1/2-1/2

[Event "Toronto Closed Premier"]
[Site "Toronto CAN"]
[Date "2004.02.21"]
[Round "6"]
[White "Noritsyn, Nikolay"]
[Black "Kret, Ted"]
[Result "1-0"]
[WhiteElo "2153"]
[BlackElo "2122"]
[PlyCount "128"]
[GameId "2160767911200577"]
[EventDate "2004.01.18"]
[EventType "tourn"]
[EventRounds "11"]
[EventCountry "CAN"]
[SourceTitle "EXT 2005"]
[Source "ChessBase"]
[SourceDate "2004.11.15"]
[SourceVersion "1"]
[SourceVersionDate "2004.11.15"]
[SourceQuality "1"]

1. e4 e6 2. d4 d5 3. Nc3 Nf6 4. Bg5 Be7 5. e5 Nfd7 6. Bxe7 Qxe7 7. f4 a6 8. Nf3 Nb6 9. Bd3 c5 10. dxc5 Qxc5 11. Qd2 Bd7 12. O-O-O Bb5 13. Kb1 N8d7 14. f5 Bxd3 15. cxd3 exf5 16. Qf4 O-O 17. Qxf5 h6 18. g4 Rac8 19. Rc1 Qb4 20. a3 Qe7 21. Rhe1 Nc5 22. Nd4 Rce8 23. Qf3 Qg5 24. Qg3 h5 25. Nxd5 Nxd3 26. Qxd3 Nxd5 27. gxh5 Rxe5 28. Nf3 Nf4 29. Rxe5 Qxe5 30. Nxe5 Nxd3 31. Nxd3 Rd8 32. Nc5 Rd5 33. Nxb7 Rxh5 34. Rc2 f5 35. Nc5 a5 36. Ka2 f4 37. Kb3 f3 38. Ne4 Re5 39. Ng3 g5 40. Rc3 g4 41. Rc4 Rg5 42. Rf4 Kh7 43. Kc3 Kh6 44. Kd3 Rb5 45. Rxg4 Rxb2 46. Ra4 Rxh2 47. Ke3 f2 48. Rxa5 Kg6 49. Nf1 Rh3+ 50. Kxf2 Rb3 51. Ne3 Kf6 52. Ke2 Ke6 53. Kd2 Kd6 54. Nc2 Kc7 55. Ra4 Rh3 56. Kc1 Kb6 57. Kb2 Kc6 58. Rb4 Kc5 59. Rb8 Kc6 60. a4 Kc7 61. Rb3 Rh4 62. Ka3 Kc6 63. a5 Rh2 64. Nd4+ Kc5 1-0

[Event "Toronto Closed Premier"]
[Site "Toronto CAN"]
[Date "2004.03.25"]
[Round "6"]
[White "Vaingorten, Yaaqov"]
[Black "Stevens, Christian"]
[Result "1-0"]
[WhiteElo "2263"]
[BlackElo "2264"]
[PlyCount "79"]
[GameId "2160767911200578"]
[EventDate "2004.01.18"]
[EventType "tourn"]
[EventRounds "11"]
[EventCountry "CAN"]
[SourceTitle "EXT 2005"]
[Source "ChessBase"]
[SourceDate "2004.11.15"]
[SourceVersion "1"]
[SourceVersionDate "2004.11.15"]
[SourceQuality "1"]

1. d4 g6 2. c4 Bg7 3. Nc3 Nc6 4. d5 Nb8 5. e4 d6 6. Nf3 Nf6 7. Be2 O-O 8. O-O Na6 9. Re1 e6 10. Bf1 Nc5 11. h3 Re8 12. e5 dxe5 13. Rxe5 exd5 14. Rxe8+ Nxe8 15. cxd5 Nd6 16. Bg5 Bf6 17. Be3 Nd7 18. Rc1 Ne5 19. b3 a6 20. Nd4 g5 21. Be2 Qf8 22. Na4 Bd8 23. Nc5 Qg7 24. Nd3 Ng6 25. Nc5 Ne5 26. Nf3 Ng6 27. Bd4 Qf8 28. Bb2 g4 29. hxg4 Bxg4 30. Qd4 Bc8 31. Ne4 Nf5 32. Qc3 Bd7 33. Bd3 c6 34. d6 b6 35. g4 Nh6 36. Ne5 Nxe5 37. Qxe5 f6 38. Bc4+ Kg7 39. Qg5+ Kh8 40. Nxf6 1-0

[Event "Toronto Closed Premier"]
[Site "Toronto CAN"]
[Date "2004.04.03"]
[Round "6"]
[White "Thavandiran, Shiyam"]
[Black "Krnan, Tomas"]
[Result "0-1"]
[WhiteElo "2123"]
[BlackElo "2312"]
[PlyCount "100"]
[GameId "2160767911200579"]
[EventDate "2004.01.18"]
[EventType "tourn"]
[EventRounds "11"]
[EventCountry "CAN"]
[SourceTitle "EXT 2005"]
[Source "ChessBase"]
[SourceDate "2004.11.15"]
[SourceVersion "1"]
[SourceVersionDate "2004.11.15"]
[SourceQuality "1"]

1. e4 d5 2. exd5 Nf6 3. d4 Nxd5 4. c4 Nb6 5. Nc3 e5 6. dxe5 Qxd1+ 7. Kxd1 Nc6 8. f4 Be6 9. b3 O-O-O+ 10. Kc2 Nd4+ 11. Kb2 Bf5 12. Nge2 Nc2 13. Ng3 Ba3+ 14. Kb1 Bb4 15. Nxf5 Bxc3 16. Kxc2 Bxa1 17. Be3 g6 18. Ne7+ Kb8 19. Nd5 c5 20. Bd3 Bd4 21. Bxd4 cxd4 22. Nxb6 axb6 23. Be4 f6 24. e6 d3+ 25. Kc3 b5 26. Bd5 Rhe8 27. Rd1 d2 28. Rxd2 b4+ 29. Kc2 Kc7 30. g4 Ra8 31. Kb2 Re7 32. h4 Rh8 33. Rf2 h6 34. a3 bxa3+ 35. Kxa3 Rhh7 36. Kb4 Rhg7 37. Kc5 f5 38. h5 fxg4 39. Rg2 gxh5 40. f5 Rg5 41. Rf2 g3 42. Rf1 g2 43. Rg1 Rxf5 44. Rxg2 Rg5 45. Rf2 h4 46. b4 Rxe6 47. Rf7+ Kd8 48. Rxb7 h3 49. Rh7 h2 50. Rh8+ Ke7 0-1

[Event "Toronto Closed Premier"]
[Site "Toronto CAN"]
[Date "2004.02.29"]
[Round "7"]
[White "Gurevich, Artjom"]
[Black "Aronov, Yuri"]
[Result "1/2-1/2"]
[WhiteElo "2232"]
[BlackElo "2231"]
[PlyCount "68"]
[GameId "2160767911200580"]
[EventDate "2004.01.18"]
[EventType "tourn"]
[EventRounds "11"]
[EventCountry "CAN"]
[SourceTitle "EXT 2005"]
[Source "ChessBase"]
[SourceDate "2004.11.15"]
[SourceVersion "1"]
[SourceVersionDate "2004.11.15"]
[SourceQuality "1"]

1. d4 Nf6 2. c4 g6 3. Nc3 Bg7 4. Nf3 O-O 5. g3 d6 6. Bg2 Nbd7 7. O-O e5 8. h3 exd4 9. Nxd4 Re8 10. e4 a6 11. Rb1 Rb8 12. Re1 Nc5 13. b4 Ne6 14. Nb3 Nd7 15. Nd5 Ne5 16. b5 Nxc4 17. bxa6 bxa6 18. Qc2 Nb6 19. Be3 c5 20. Rbd1 Bb7 21. Nxb6 Qxb6 22. Qd2 Rbd8 23. f4 Bc6 24. Rb1 Qa7 25. Qf2 Nc7 26. Qc2 Nb5 27. Na5 Ba8 28. Nc4 Nd4 29. Qa4 Bc6 30. Qa5 Bb5 31. Rbc1 Qb8 32. Kh2 h5 33. h4 Bxc4 34. Rxc4 Qb2 1/2-1/2

[Event "Toronto Closed Premier"]
[Site "Toronto CAN"]
[Date "2004.02.29"]
[Round "7"]
[White "Raheb, David"]
[Black "Thavandiran, Shiyam"]
[Result "1-0"]
[WhiteElo "2216"]
[BlackElo "2123"]
[PlyCount "63"]
[GameId "2160767911200581"]
[EventDate "2004.01.18"]
[EventType "tourn"]
[EventRounds "11"]
[EventCountry "CAN"]
[SourceTitle "EXT 2005"]
[Source "ChessBase"]
[SourceDate "2004.11.15"]
[SourceVersion "1"]
[SourceVersionDate "2004.11.15"]
[SourceQuality "1"]

1. Nf3 e6 2. c4 Nf6 3. g3 b6 4. Bg2 Bb7 5. O-O Be7 6. d4 O-O 7. d5 exd5 8. Nh4 c6 9. cxd5 Nxd5 10. Nf5 Nf6 11. e4 d5 12. Nc3 Re8 13. Bg5 h6 14. Bxh6 gxh6 15. Nxh6+ Kf8 16. e5 Ng8 17. Qh5 Nxh6 18. Qxh6+ Kg8 19. Be4 dxe4 20. Nxe4 Qd3 21. Rfe1 Na6 22. Rad1 Qc4 23. h3 Qb4 24. a3 Qc5 25. Nxc5 Nxc5 26. Rd4 Bc8 27. e6 Bxe6 28. Rxe6 Nxe6 29. Rg4+ Ng5 30. h4 f5 31. Qg6+ Kh8 32. hxg5 1-0

[Event "Toronto Closed Premier"]
[Site "Toronto CAN"]
[Date "2004.03.06"]
[Round "7"]
[White "Kret, Ted"]
[Black "Filipovich, David"]
[Result "0-1"]
[WhiteElo "2122"]
[BlackElo "2209"]
[PlyCount "90"]
[GameId "2160767911200582"]
[EventDate "2004.01.18"]
[EventType "tourn"]
[EventRounds "11"]
[EventCountry "CAN"]
[SourceTitle "EXT 2005"]
[Source "ChessBase"]
[SourceDate "2004.11.15"]
[SourceVersion "1"]
[SourceVersionDate "2004.11.15"]
[SourceQuality "1"]

1. Nf3 d5 2. d4 c6 3. Bf4 Nf6 4. e3 Qb6 5. Bd3 Qxb2 6. Nbd2 Qb6 7. O-O g6 8. e4 dxe4 9. Bxe4 Nxe4 10. Nxe4 Bg7 11. Re1 O-O 12. Qd2 Nd7 13. c4 Nf6 14. Nc5 Qd8 15. h3 b6 16. Nd3 Bb7 17. a4 c5 18. d5 Nxd5 19. cxd5 Bxa1 20. Rxa1 Qxd5 21. Bh6 Rfd8 22. Qc3 f6 23. Nf4 Qf7 24. h4 e5 25. Nh3 Qd5 26. Re1 Qd3 27. Re3 Qxc3 28. Rxc3 Rd1+ 29. Kh2 Rad8 30. Nhg1 e4 31. Nd2 R8xd2 32. Bxd2 Rxd2 33. a5 Rxf2 34. Nh3 Rd2 35. Nf4 Kf7 36. axb6 axb6 37. Ra3 g5 38. hxg5 fxg5 39. Ra7 gxf4 40. Rxb7+ Ke6 41. Rxb6+ Rd6 42. Rb7 e3 43. Rb1 c4 44. Re1 c3 45. g3 c2 0-1